Rendezvényszervezés a Hilton Budapest szállodában

Bibliográfiai részletek
Szerző: Farkas Kamilla
További közreműködők: Róbert Nóra
Dokumentumtípus: Projektmunka
Kulcsszavak:munkafolyamatok
rendezvény(ek)
rendezvényszervezés
szállodaipar
turizmus
Online Access:http://dolgozattar.uni-bge.hu/60176

MARC

LEADER 00000nnm a2200000 i 4500
001 dolg60176
005 20260409150106.0
008 260409suuuu hu o 000 hun d
040 |a BGE Dolgozattár Repozitórium  |b hun 
041 |a hu 
100 1 |a Farkas Kamilla 
245 1 0 |a Rendezvényszervezés a Hilton Budapest szállodában  |c Farkas Kamilla  |h [elektronikus dokumentum] 
516 |a Project_work 
520 3 |a A Hilton Budapest szállodában eltöltött 3 hónapos szakmai gyakorlatom, illetve a rendezvényszervezési folyamatai vizsgálata során lehetőségem nyílt arra, hogy szakmai szempontból is mélyebb betekintést nyerjek a belső munkafolyamatok működésébe. A projektmunka elkészítése közben, nemcsak elméleti ismereteimet bővítettem, hanem rengeteg gyakorlati tapasztalatot is szereztem arról, hogyan is zajlik a rendezvényszervezés egy 5 csillagos szállodában. Vizsgálataim során világossá vált számomra, hogy a Hilton Budapest rendezvényszektorában az üzleti események dominálnak. Az üzleti típusú rendezvények jövedelmezősége hozzájárul ahhoz, hogy ez a szegmens stratégiai fontosságú legyen a Hilton számára. A Hilton brand nemzetközi hírneve, a szálloda elhelyezkedése és a professzionális személyzet összeségében olyan értéket képviselnek, amellyel jelentős előnyhöz juthat a versenytársakkal szemben. A dolgozatom során feltártam néhány olyan területet is, amelyek fejlesztése tovább növelhetné a vendégelégedettséget és a szálloda versenyképességét. Ilyen például a spa részleg kialakítása a fitnesz területen, amely a növekvő vendégigények kiszolgálását támogatná. Szintén kiemelkedő lehetőség rejlik a White Raven Skybar téliesítésében. Végül, de nem utolsósorban, a mélygarázsban elhelyezkedő parkoló kapacitásának fejlesztése, mind a vendégek kényelmét, mind a rendezvények zökkenőmentes lebonyolítását jelentősen segítené. Személyes véleményem, hogy a projektmunka nemcsak a szakmai tudásomat mélyítette el, hanem megerősítette bennem azt az elhivatottságot, hogy a jövőben is a turizmus területén, azon belül is a rendezvényszervezésben szeretnék elhelyezkedni. A Hilton Budapest példája számomra azt mutatja, hogy a magas színvonalú vendéglátás és a precíz szervezés kéz a kézben járnak, és egy jól működő rendezvény nemcsak élményt nyújt, hanem hosszú távú üzleti értéket is teremthet. Továbbá a tapasztalatok és a vizsgálati eredmények megerősítették bennem, hogy a vendégközpontúság és a minőség iránti elkötelezettség elengedhetetlen a sikerhez, a rendezvényszervezés területén. 
695 |a munkafolyamatok 
695 |a rendezvény(ek) 
695 |a rendezvényszervezés 
695 |a szállodaipar 
695 |a turizmus 
700 1 |a Róbert Nóra  |e ths 
856 4 0 |u http://dolgozattar.uni-bge.hu/60176/1/Rendezv%C3%A9nyszervez%C3%A9s%20a%20Hilton%20Budapest%20sz%C3%A1llod%C3%A1ban%20%281%29.pdf  |z Dokumentum-elérés 
856 4 0 |u http://dolgozattar.uni-bge.hu/60176/2/Farkas%20Kamilla_Konzulens_R%C3%B3bert%20N%C3%B3ra.pdf  |z Dokumentum-elérés